| 000 | 00724nam a2200229 i 4500 | ||
|---|---|---|---|
| 001 | 189219 | ||
| 003 | SpMaBN | ||
| 005 | 20240104172622.0 | ||
| 008 | 190426s1998 sp |||| | spa d | ||
| 020 | _a84-7720-405-5 | ||
| 080 | _a821.111(73)-31"19" | ||
| 100 | 1 |
_aFisher, Robert ( _d1922-) _9166900 |
|
| 245 | 1 | 3 |
_aEl caballero de la armadura oxidada / _cRobert Fisher. |
| 250 | _a25ª ed. | ||
| 260 |
_aBarcelona : _bObelisco, _c1998. |
||
| 300 |
_a93 p. ; _c21 cm. |
||
| 490 | 1 | _aColección nueva consciencia | |
| 830 | 0 |
_aColección nueva consciencia _9225793 |
|
| 852 |
_aES-MaACL _jA-14508 _9196357 _bR.152080 _cDEPO1 _dOlim: N-7508 _hDonación: Editorial |
||
| 942 |
_2udc _cMONOGRAFIA |
||
| 999 |
_c189219 _d189219 |
||